000 00600 a2200193 4500
999 _c9989
_d9989
022 _INo ISSN
050 _aKTL19.A35 SOU 1996
100 _aFisher, D. S.
_eeditor
245 _aSouth African law reports:
_b1996(1)February /
_cD. S. Fisher et al...
264 _aCape Town:
_bJuta & Company,
_c1996.
300 _a780p. :
500 _aSouth African Law Reports
650 _aLaw reports, digests, etc. -- South Africa
651 _aSouth Africa
700 _aHanmer, N. E.
_eeditor
700 _aKoch, D. M.
_eeditor
700 _aScholts, W. M.
_eeditor
942 _2lcc
_cSERIALS
_h19.A35
_iSOU
_kKTL